000 00533nam a2200193Ia 4500
005 20250508154323.0
008 008 250505s9999 xx 000 0 eng d
037 _aTextual
040 _aFEDL
_beng
_cFEDL
041 _aeng
_2eng
084 _a370.95694, BEN
_qFEDL
100 _aBentwich Joseph S.
_990771
245 0 _aEducation in Israel
260 _aLondon, UK
_bRoutledge and Kegan Paul
_c1965
300 _a204p.
650 _aEducation
942 _cTEXL
_h370.95694, BEN
999 _c1349564
_d1349564